La revolución académica (Registro nro. 5832)
[ vista simple ]
| 000 -LEADER | |
|---|---|
| fixed length control field | 01135 a2200205 4500 |
| 001 - CONTROL NUMBER | |
| control field | 54945 |
| 005 - DATE AND TIME OF LATEST TRANSACTION | |
| control field | 20260407155824.0 |
| 008 - FIXED-LENGTH DATA ELEMENTS--GENERAL INFORMATION | |
| fixed length control field | 260407a1968 arg spa d |
| 003 - CONTROL NUMBER IDENTIFIER | |
| control field | AR-UNSa-BCEJYS |
| 040 ## - CATALOGING SOURCE | |
| Original cataloging agency | AR-UNSa-BCEJYS |
| Language of cataloging | spa |
| Transcribing agency | AR-UNSa-BCEJYS |
| 080 ## - UNIVERSAL DECIMAL CLASSIFICATION NUMBER | |
| Universal Decimal Classification number | 376 |
| Common auxiliary subdivision | Educación, formación y enseñanza de grupos especiales de personas. Escuelas especiales |
| 100 1# - MAIN ENTRY--PERSONAL NAME | |
| Personal name | Jencks, Christopher |
| 245 10 - TITLE STATEMENT | |
| Title | La revolución académica |
| 264 #1 - PRODUCTION, PUBLICATION, DISTRIBUTION, MANUFACTURE, AND COPYRIGHT NOTICE | |
| Place of production, publication, distribution, manufacture | Buenos Aires : |
| Name of producer, publisher, distributor, manufacturer | Paidós |
| Date of production, publication, distribution, manufacture, or copyright notice | 1968 |
| 300 ## - PHYSICAL DESCRIPTION | |
| Extent | 605 p. |
| Dimensions | 23 cm. |
| 505 ## - FORMATTED CONTENTS NOTE | |
| Formatted contents note | I. La revolución académica en perspectiva - II. La guerra entre las generaciones - III. Estratificación social y educación superior masiva - IV. Nacionalismo versus localismo - V. Las escuelas profesionales - VI. Los intereses de clase y la controversia "público-privado" - VII. Feminismo,masculinismo y coeducación - VIII. Las iglesias protestantes y sus colleges - IX. Los católicos y sus colleges - X. Los negros y sus colleges - XI. Los colleges antiuniversitarios - XII. La reforma de las escuelas de graduados |
| 590 ## - LOCAL NOTE (RLIN) | |
| Local note | niveau_biblio:m niveau_hierar:0 |
| 700 1# - ADDED ENTRY--PERSONAL NAME | |
| Personal name | Riesman, David |
| 942 ## - ADDED ENTRY ELEMENTS (KOHA) | |
| Koha item type | |
| Withdrawn status | Lost status | Damaged status | Not for loan | Home library | Current library | Shelving location | Date acquired | Total checkouts | Full call number | Barcode | Date last seen | Price effective from | Koha item type |
|---|---|---|---|---|---|---|---|---|---|---|---|---|---|
| Biblioteca Prof. Eusebio Cleto del Rey | Biblioteca Prof. Eusebio Cleto del Rey | 07/04/2026 | 376 J51 | L23189 | 07/04/2026 | 07/04/2026 | Libro |